Televisión y política /

Đã lưu trong:
Chi tiết về thư mục
Tác giả chính: Huertas, Fernando (coord.)
Định dạng: Sách
Ngôn ngữ:Tiếng Tây Ban Nha
Được phát hành: Madrid, España : Universidad Complutense de Madrid, Facultad de Ciencias de la Información, 1994, c1994
Loạt:(Comunicación Audiovisual y Publicidad ; 1)
Những chủ đề:
Các nhãn: Thêm thẻ
Không có thẻ, Là người đầu tiên thẻ bản ghi này!

MARC

LEADER 00000nam^a2200000^a^4500
001 000181736
005 20250521000000.0
009 20260310101942.756
020 |a 84-7491-521-X 
037 |a Acervo ITESO - Biblioteca 
041 |a ESP 
082 |a 322. 31  |b HUE 
100 |a Huertas, Fernando  |e (coord.) 
245 1 0 |a Televisión y política /  |c Coord. de F. Huertas ; presen. de Javier Fernández del Moral. 
264 4 |a Madrid, España :  |b Universidad Complutense de Madrid, Facultad de Ciencias de la Información,  |c 1994, c1994 
300 |a 202 p. 
336 |a texto  |b txt  |2 rdacontenido 
337 |a sin mediación  |b n  |2 rdamedio 
338 |a volumen  |b nc  |2 rdasoporte 
440 1 |a (Comunicación Audiovisual y Publicidad ;  |v 1) 
649 |a XX 
650 |a Eventos Cívico-Políticos Televisados -  |z España 
650 |a Televisión -  |z España -  |x Aspectos Políticos 
650 |a Televisión -  |x Aspectos Políticos 
650 |a Medios de Comunicación y Estado -  |z España 
650 |a Discurso Político -  |z España 
650 |a Credibilidad Política -  |z España 
650 |a Comunicación y Política -  |z España 
650 |a Comunicación Masiva -  |z España 
650 |a Política -  |z España 
650 |a Política 
910 |a Fondo General 
920 |a Impresos - Libros 
930 |a Colección General 
905 |a 101 
901 |a 0500121676  |b IT1  |c ACC  |u 20250521 
902 |a https://opac.biblio.iteso.mx/vufind/Record/000181736